| 000 | 01281nam0a22003131 4500 | ||
|---|---|---|---|
| 001 | v19\rc\1601129 | ||
| 005 | 20061002113031.2 | ||
| 035 | _a(NLR Aleph) 004723494 | ||
| 090 |
_a4365162 _c4365162 |
||
| 100 | _a20061002g19061909|||y0rusy50 ca | ||
| 101 | 0 |
_arus _afre |
|
| 102 | _aRU | ||
| 105 | _ay j ||||| | ||
| 200 | 1 |
_aТеоретическая грамматика французского языка _fСост. А. Корде, преп. Моск. 1 гимназии и Лицея в память цесаревича Николая. Ч. 1-2 |
|
| 205 | _a4-е изд. Ч. 1-2 | ||
| 210 |
_aМосква _cт-во тип. А.И. Мамонтова _d1906-1909 |
||
| 215 |
_a2 т. _d22 |
||
| 225 | 1 | _fСост. А. Корде, преп. Моск. 1 гимназии и Лицея в память цесаревича Николая | |
| 327 | 1 | _aСодерж.: Ч. 1. Этимология. Ч. 2. Синтаксис | |
| 464 | 0 | _12001#$aЭтимология$aСинтаксис | |
| 700 | 1 |
_aКорде _bА. А. _gАвгуст Августович _4220 |
|
| 801 | 0 |
_aRU _bNLR _gpsbo |
|
| 801 | 0 |
_aRU _bRuMoRGB _2psbo |
|
| 801 | 1 |
_aRU _bProSoft-M _2rusmarc |
|
| 852 |
_aNLR _j34.50.4.864(1-2) |
||
| 899 |
_aRuMoRGB _jT 37/679 |
||
| 899 | _aБАН | ||
| 942 | _cBOOK | ||
| 980 | _aNB | ||